Farm management research for small farmer development

Сохранить в:
Библиографические подробности
Главный автор: Dillon, John L.
Формат:
Язык:Undetermined
Опубликовано: Rome Food and Agriculture Organization of the United Nations 1980
Предметы:
Метки: Добавить метку
Нет меток, Требуется 1-ая метка записи!
Thư viện lưu trữ: Trung tâm Học liệu Trường Đại học Cần Thơ
LEADER 00625nam a2200193Ia 4500
001 CTU_124700
008 210402s9999 xx 000 0 und d
082 |a 630.68 
082 |b D579 
100 |a Dillon, John L. 
245 0 |a Farm management research for small farmer development 
245 0 |c by John L. Dillon, J. Brian Hardaker 
260 |a Rome 
260 |b Food and Agriculture Organization of the United Nations 
260 |c 1980 
650 |a Farm management,Farms, Small 
650 |x Research,Methodology,Research,Methodology 
904 |i M.Loan 
980 |a Trung tâm Học liệu Trường Đại học Cần Thơ